000 00810nam a2200265Ia 4500
003 OSt
005 20220925212529.0
006 a|||||r|||| 00| 0
007 ta
008 220923b |||||||| |||| 00| 0 eng d
037 _cGeneral Book
040 _aRTL
_cRTL
_beng
041 _2eng
_aeng
082 _aX.1,d, M1
100 _aMacbean A I
_9276944
245 0 _aInternational institutions in trade and finance
260 _aLondon
_bAllen and Unwin
_c1981
300 _axiv,255p
_ccm.
490 _aPolicy Studies Institute Studies in Economics. 18
500 _aBibliography chapterwise and P: 249-252
650 _aEconomic Condition International
700 _a Snowden P N
_9276782
942 _hX.1,d, M1
_cGB
_2CC
999 _c560572
_d560572